[Event "Karl Mala Memorial op 11th"]
[Site "Frankfurt"]
[Date "2008.06.29"]
[Round "6"]
[White "Goettle, Markus"]
[Black "Riha, Peter"]
[Result "0-1"]
[WhiteElo "1521"]
[BlackElo "1827"]
[PlyCount "114"]
[EventDate "2008.06.26"]
[EventType "swiss"]
[EventRounds "7"]
[EventCountry "GER"]
[SourceTitle "CBM 125 Extra"]
[Source "ChessBase"]
[SourceDate "2008.09.01"]
[SourceVersion "1"]
[SourceVersionDate "2008.09.01"]
[SourceQuality "1"]

1. e4 e5 2. Nc3 Nf6 3. f4 d5 4. fxe5 Nxe4 5. Qf3 f5 6. exf6 Nxf6 7. Qg3 Bd6 8. Qxg7 Rg8 9. Qh6 Qe7+ 10. Qe3 Qxe3+ 11. dxe3 Bf5 12. Nb5 Bxc2 13. Nxd6+ cxd6 14. Nf3 Nc6 15. Bd2 Kd7 16. Rc1 Bf5 17. Rg1 Rae8 18. Bb5 Be4 19. Nd4 Rc8 20. Rf1 Rgf8 21. g3 a6 22. Be2 Ke7 23. Nxc6+ Rxc6 24. Rxc6 bxc6 25. Bc3 Bb1 26. a3 a5 27. Bxa5 Rb8 28. Bc7 Rxb2 29. Bxd6+ Ke6 30. Bb4 Bf5 31. Ba6 Rb1+ 32. Kf2 Ne4+ 33. Kg1 Rxf1+ 34. Kxf1 Ke5 35. Ke2 c5 36. Ba5 Bg4+ 37. Ke1 Ng5 38. h4 Nf3+ 39. Kf2 c4 40. Bc3+ Ke4 41. Bb4 Ne5 42. Bb7 Bf3 43. Bd2 Kd3 44. Ke1 Kc2 45. Ba5 Nd3+ 46. Kf1 Kb3 47. g4 Kxa3 48. g5 Kb2 49. h5 Bxh5 50. Bxd5 c3 51. Be4 Bg6 52. Bxg6 hxg6 53. Ke2 Nc5 54. Bb4 Ne4 55. Bxc3+ Kxc3 56. Kf3 Nxg5+ 57. Kf4 Ne6+ 0-1

[Event "Karl Mala Memorial op 11th"]
[Site "Frankfurt"]
[Date "2008.06.26"]
[Round "1"]
[White "Hoeck, Raimund"]
[Black "Goettle, Markus"]
[Result "1/2-1/2"]
[WhiteElo "2064"]
[BlackElo "1521"]
[PlyCount "52"]
[EventDate "2008.06.26"]
[EventType "swiss"]
[EventRounds "7"]
[EventCountry "GER"]
[SourceTitle "CBM 125 Extra"]
[Source "ChessBase"]
[SourceDate "2008.09.01"]
[SourceVersion "1"]
[SourceVersionDate "2008.09.01"]
[SourceQuality "1"]

1. d4 f5 2. c4 Nf6 3. g3 g6 4. Bg2 Bg7 5. Nc3 d6 6. d5 c6 7. Nh3 e5 8. dxe6 Bxe6 9. Bf4 d5 10. Bxb8 Rxb8 11. Nf4 Bf7 12. cxd5 Nxd5 13. Nfxd5 Bxd5 14. Nxd5 cxd5 15. 0-0 Qa5 16. Qxd5 Qxd5 17. Bxd5 b6 18. Rab1 Rd8 19. Rfd1 Ke7 20. b3 Rd6 21. Bc4 Rhd8 22. Bd3 a5 23. Rdc1 Bd4 24. Rc7+ R6d7 25. Rxd7+ Rxd7 26. Rc1 Bc5 1/2-1/2

[Event "Hessen-ch qual-E"]
[Site "Erlensee"]
[Date "2007.04.06"]
[Round "2"]
[White "Goettle, Markus"]
[Black "Seidel, Karl"]
[Result "0-1"]
[WhiteElo "1368"]
[BlackElo "1460"]
[PlyCount "24"]
[EventDate "2007.04.06"]
[EventType "swiss"]
[EventRounds "5"]
[EventCountry "GER"]
[SourceTitle "CBM 117 Extra"]
[Source "ChessBase"]
[SourceDate "2007.05.09"]
[SourceVersion "1"]
[SourceVersionDate "2007.05.09"]
[SourceQuality "1"]

1. b3 e5 2. Bb2 Nc6 3. e4 Bc5 4. Nf3 d6 5. Nc3 Nf6 6. d3 Ng4 7. d4 Nxd4 8. Nxd4 Bxd4 9. Bc4 0-0 10. 0-0 Qh4 11. h3 Nxf2 12. Qf3 Nxh3+ 0-1